000 00866nam a2200289Ia 4500
001 A0457
003 IT-RoPAU
008 130308s9999 xx 000 0 und d
040 _aIT-RoPAU
040 _cIT-RoPAU
041 _aITALIANO
100 _aMartini Emanuela
100 _gCodice Aut. SPICS: 4092
245 _aDa Lumberton a Twin Peaks
245 _bDavid Lynch: Film. visioni e incubi da Six Figures a Twin Peaks
250 _a1a ed.
260 _aROMA
260 _bSorbini Stefano Editore
260 _c1991 [1° Ed.:1991 - Ed.Ling.Originale:1991]
300 _a"14 p. (prefazione: no ; testo: 14 [pagine: 111-124])"
500 _aAttraverso Oz e Amity. Note Critiche Sulla Vita e Sulle Opere di David Lynch.
650 _aAUTORI/OPERE DEL CINEMA
650 _eCodice materia Spics: 6807
942 _cBK
957 _71
999 _c83093
_d83093
999 _g1